| 000 | 00496nam a22001817a 4500 | ||
|---|---|---|---|
| 003 | LK-CoMWRAF | ||
| 005 | 20231018235158.0 | ||
| 008 | 231018b |||||||| |||| 00| 0 eng d | ||
| 020 | _a0582521645 | ||
| 040 |
_aLK-CoMWRAF _dLK-CoMWRAF _eLK-CoMWRAF |
||
| 041 | _aeng | ||
| 082 |
_a428 _bETH |
||
| 100 | _aEtherton, A. R. B. | ||
| 245 | _aGraded English exercises for secondary schools | ||
| 260 |
_aLondon : _bLongman group limited, _c1968 |
||
| 650 | _aEnglish--Secondary schools | ||
| 942 | _cBK | ||
| 999 |
_c3933 _d3933 |
||